Every boys' name beginning with I (2015) Quiz Stats

 Plays Quiz not verified by Sporcle

Also try: Not the Obvious II
Challenge
Share
Tweet
Embed
Score 0/242 Timer 20:00
0 Plays Today
Frequency Name % Correct
110Isa
94.8%
3,028Ivan
90.8%
5,288Ian
90.2%
9,878Isaac
87.4%
196Ira
75.9%
196Isai
74.1%
7,528Isaiah
72.4%
16Isaia
70.7%
121Isaak
67.8%
15Ivo
67.2%
42Isac
66.7%
1,563Israel
63.2%
54Issa
61.5%
27Iman
58.6%
6Io
56.3%
93Ike
55.7%
7Ivor
55.2%
16Igor
54.6%
147Ishmael
54%
34Isak
54%
12Ivy
54%
111Irvin
51.1%
11Iran
50%
501Issac
48.9%
100Irving
47.7%
73Indiana
47.7%
18Iven
47.7%
7Isack
47.7%
9Iris
46%
6Ido
46%
13Izzy
45.4%
11Ion
44.8%
5Izai
44.8%
767Ismael
44.3%
176Isiah
44.3%
527Izaiah
43.7%
90Izaak
43.7%
126Izaac
43.1%
8Ivon
43.1%
19Izac
42.5%
9Ilia
42.5%
697Ibrahim
42%
46Izak
42%
8Issak
40.8%
36Ivory
40.2%
101Ilan
39.7%
18Irwin
39.7%
50Iain
36.8%
31Iden
36.2%
13Izack
36.2%
17Isayah
35.6%
28Indy
35.1%
7Isay
35.1%
5Ireland
35.1%
55Izrael
34.5%
29Idan
34.5%
50Indigo
33.9%
36Ilya
33.9%
8Indie
33.3%
30Iann
31.6%
7Ivin
29.9%
32Iver
29.3%
25Izaya
29.3%
11Iyan
29.3%
237Immanuel
28.7%
58Isreal
28.7%
170Izayah
27.6%
19Imani
27%
10Ivar
27%
7Ilian
27%
138Idris
26.4%
60Ignatius
26.4%
7Imanuel
26.4%
229Ignacio
25.9%
157Ismail
23%
6Ibraham
23%
25Iziah
21.8%
15Izzac
21.3%
10Indio
21.3%
7Izzak
20.1%
16Inigo
19.5%
Frequency Name % Correct
2,171Iker
19%
19Isaih
19%
10Isadore
19%
5Iago
19%
5Isan
17.8%
8Irish
16.7%
92Izan
16.1%
48Imari
16.1%
13Izreal
16.1%
10Icarus
16.1%
34Izek
15.5%
11Isidore
15.5%
21Izmael
14.9%
9Irah
14.9%
7Ivey
14.9%
5Inez
14.9%
519Isaias
14.4%
28Ilias
14.4%
114Ishan
13.8%
5Ishmeal
13.8%
5Issaiah
13.8%
38Isacc
13.2%
18Iam
13.2%
5Ithan
13.2%
14Islam
12.1%
7Italo
12.1%
6Ioan
12.1%
6Ilija
11.5%
5Isse
11.5%
183Imran
10.9%
6Isen
10.9%
24Ilijah
10.3%
8Iliya
10.3%
21Isabella
9.8%
46Iverson
9.2%
22Irie
9.2%
14Izen
9.2%
9Isaiyah
9.2%
9Izekiel
9.2%
5Indra
9.2%
5Isam
9.2%
5Ives
9.2%
85Ilyas
8.6%
76Ibraheem
8.6%
10Imer
8.6%
233Ishaan
8%
75Isidro
8%
8Ignazio
8%
9Issachar
7.5%
8Izaiyah
7.5%
12Izaias
6.9%
11Imad
6.9%
7Illias
6.9%
6Ianto
6.9%
6Ishak
6.9%
5Imre
6.9%
5Izach
6.9%
35Iram
6.3%
15Isley
6.3%
8Ihan
6.3%
30Ihsan
5.7%
9Ilario
5.7%
7Iaan
5.7%
5Isias
5.7%
16Ibn
5.2%
14Itamar
5.2%
10Icker
5.2%
10Issiah
5.2%
6Imir
5.2%
6Isais
5.2%
24Imanol
4.6%
15Irfan
4.6%
11Inaki
4.6%
7Isom
4.6%
22Ioannis
4%
17Ilay
4%
12Ilai
4%
12Izeyah
4%
11Idriss
4%
11Izel
4%
9Inman
4%
Frequency Name % Correct
6Iskander
4%
74Isael
3.4%
37Ibrahima
3.4%
37Ishaq
3.4%
13Ilhan
3.4%
12Issam
3.4%
8Imaan
3.4%
6Iason
3.4%
6Ikram
3.4%
5Ioseph
3.4%
5Izziah
3.4%
35Ivaan
2.9%
19Itai
2.9%
13Ikenna
2.9%
12Itay
2.9%
10Isaiahs
2.9%
7Izea
2.9%
6Iroh
2.9%
6Izaeah
2.9%
5Isahi
2.9%
5Izell
2.9%
31Ikaika
2.3%
24Izaan
2.3%
23Idrees
2.3%
19Izyk
2.3%
10Izeah
2.3%
9Isaic
2.3%
8Idrissa
2.3%
7Imaad
2.3%
6Iniko
2.3%
6Itsuki
2.3%
5Iori
2.3%
5Izsak
2.3%
15Imraan
1.7%
14Ishaaq
1.7%
10Ithiel
1.7%
9Ilyaas
1.7%
8Isaiha
1.7%
6Izaiha
1.7%
5Ichigo
1.7%
5Izeiah
1.7%
23Ismaeel
1.1%
19Izael
1.1%
9Izyan
1.1%
8Isiaha
1.1%
8Isrrael
1.1%
6Ibrohim
1.1%
6Inesh
1.1%
6Ivyon
1.1%
6Iyad
1.1%
5Imrane
1.1%
5Ioane
1.1%
5Itiel
1.1%
52Itzae
0.6%
21Itzael
0.6%
13Ikechukwu
0.6%
13Izayiah
0.6%
12Ireoluwa
0.6%
10Ifeanyi
0.6%
10Iremide
0.6%
8Inioluwa
0.6%
7Ikher
0.6%
8Iktan
0.6%
8Ifeanyichukwu
0.6%
7Ifeoluwa
0.6%
7Inoke
0.6%
7Iokepa
0.6%
6Iakona
0.6%
6Ibukunoluwa
0.6%
6Idhant
0.6%
5Ibhan
0.6%
5Ikeem
0.6%
5Isaian
0.6%
5Isileli
0.6%
5Ivaniel
0.6%
5Izyaan
0.6%
5Izair
0.6%
5Izavier
0.6%
5Izayha
0.6%
5Izhar
0.6%

You're not logged in!

Compare scores with friends on all Sporcle quizzes.
Join for Free
OR
Log In

You Might Also Like...

Show Comments

Extras

Top Quizzes Today


Score Distribution

Your Account Isn't Verified!

In order to create a playlist on Sporcle, you need to verify the email address you used during registration. Go to your Sporcle Settings to finish the process.

Report this User

Report this user for behavior that violates our Community Guidelines.

Details: